| 000 | 00524nam a22001937a 4500 | ||
|---|---|---|---|
| 003 | OSt | ||
| 005 | 20140310182845.0 | ||
| 008 | 130611t xxu||||| |||| 00| 0 eng d | ||
| 050 |
_aJN 2594 _b.G583 1961 |
||
| 082 |
_aM 944.082 _bG54 1961 |
||
| 245 |
_aThe government of France / _cGodfrey, E. Drexel Jr. |
||
| 260 |
_aNew York : _bThomas Y. Growell Company, _c1961. |
||
| 300 |
_avi, 186 p. ; _c20 cm. |
||
| 521 | _aCollege Students | ||
| 526 | _c1210L-1700L | ||
| 541 | _j1 | ||
| 562 | _e1 | ||
| 942 |
_2lcc _cBK _kM |
||
| 999 |
_c16906 _d16906 |
||